| 000 | 00365nam a2200133 a 4500 | ||
|---|---|---|---|
| 005 | 20140414131900.0 | ||
| 008 | 100913s19uu xx 00 eng d | ||
| 050 |
_aFIL 070.4 _bM29 2008 |
||
| 100 | _aMalinao, Alito | ||
| 245 | _aFeature, editorial and opinion writing. | ||
| 260 |
_aManila : _bNational Book Store, _c2008. |
||
| 650 | _aJournalism | ||
| 999 |
_c110605 _d110605 |
||